00571nam a22001577a 4500003000900000005001700009008004100026020002200067040002800089082003300117100003700150245010500187260004700292300001800339650005600357DO-SdBJH20180627183446.0180627b ||||| |||| 00| 0 spa d a978-84-290-1724-3 aDO-SdBJHbspacDO-SdBJH a327;341.3 bS194p 2013 aSánchez Ortega, Antonio José aPoder y seguridad energética en las relaciones internacionales / cAntonio José Sánchez Ortega aMadrid, España :bEditorial Reus ,c2013 a302 páginas aRelaciones internacionales- política energética